| 000 | 01411cad a22002415a 4500 | ||
|---|---|---|---|
| 001 | E150641 | ||
| 008 | 100806s2010 xxk f 000 0 eng d | ||
| 020 | _a9780755995417 | ||
| 035 | _a(Sirsi) u150641 | ||
| 041 | 0 | _aeng | |
| 110 | 2 |
_aScotland _bScottish Government _95344 |
|
| 245 | 0 | 0 |
_aHome Owner and Debtor Protection (Scotland) Act 2010 _bguidance on pre-action requirements for creditors _h[electronic resource] |
| 260 |
_aEdinburgh _bScottish Government _c2010 |
||
| 520 | _aThis guidance relates to the Conveyancing and Feudal Reform (Scotland) Act 1970 S24A and the Heritable Securities (Scotland) Act 1894 S5B, and the accompanying Applications by Creditors (Pre-Action Requirements) (Scotland) Order 2010, which set out the preaction requirements which creditors must satisfy before making an application in relation to a residential property either under S24(1B) of 1970 Act or under S5 of the 1894 Act. | ||
| 590 | _aKA | ||
| 650 | 2 | 4 | _aAPPLICATIONS BY CREDITORS (PRE-ACTION REQUIREMENTS) (SCOTLAND) ORDER 2010 |
| 650 | 2 | 4 | _aHERITABLE SECURITIES (SCOTLAND) ACT 1894 |
| 650 | 2 | 4 | _aCONVEYANCING AND FEUDAL REFORM (SCOTLAND) ACT 1970 |
| 651 | 4 |
_aScotland _y1999- |
|
| 690 | _aPROPERTY-RESIDENTIAL PROPERTY-DOMESTIC RESIDENTIAL PROPERTY-HOUSING | ||
| 856 | 4 | 0 |
_uhttps://www.scotland.gov.uk/Publications/2010/08/03135325/0 _zView the guidance free of charge at www.scotland.gov.uk |
| 942 | _n0 | ||
| 999 |
_c110933 _d110933 |
||